[Event "DVM U16 2012"]
[Site "Naumburg (Saale) GER"]
[Date "2012.12.27"]
[Round "2"]
[White "Knopf, Felix"]
[Black "Carmesin, Matthias"]
[Result "0-1"]
[Termination "normal"]
[Board "3.1"]
[WhiteElo "1853"]
[BlackElo "1979"]
[WhiteTeam "SV Merseburg"]
[BlackTeam "Stader SV"]
[WhiteFideId "24692204"]
[BlackFideId "4635965"]
[EventCountry "GER"]
[EventRounds "7"]
[EventType "team-swiss"]
[EventDate "2012.12.26"]

1. d4  Nf6  2. Nf3 d6 3. c4 Nbd7 4. Nc3 e5 5. e4 Be7 6. Be2 c6 7. O-O O-O 8.
Qc2 a6 9. Rd1 Qc7 10. b3 Re8 11. Bb2 b5 12. Rac1 b4 13. Na4 exd4 14. Nxd4 Bf8
15. f3 g6 16. Bf1 Bb7 17. a3 c5 18. Ne2 a5 19. Ra1 Bc6 20. Nf4 Ne5 21. Nd3 Nfd7
22. Nf4 Nf6 23. Nd3 Bxa4 24. bxa4 Bg7 25. Nf4 Nc6 26. Nd5 Nxd5 27. Rxd5 bxa3
28. Bxg7 Kxg7 29. Rxa3 f6 30. Qd2 Nd4 31. h4 Rab8 32. h5 Rb1 33. Ra2 Reb8 34.
Qf4 Rd1 35. Kf2 Rb6 36. Be2 Rdb1 37. g4 R1b2 38. h6+ Kf7 39. Rxb2 Rxb2 40. g5
Qe7 41. Rxd6 f5 42. e5 Rxe2+ 43. Kg3 Rxe5 44. Rf6+ Qxf6 0-1

[Event "DVM U16 2012"]
[Site "Naumburg (Saale) GER"]
[Date "2012.12.27"]
[Round "2"]
[White "Vöge, Tobias"]
[Black "Feuerherdt, Martin"]
[Result "1-0"]
[Termination "normal"]
[Board "3.2"]
[WhiteElo "1846"]
[BlackElo "1803"]
[WhiteTeam "Stader SV"]
[BlackTeam "SV Merseburg"]
[WhiteFideId "1270513"]
[BlackFideId "12910341"]
[EventCountry "GER"]
[EventRounds "7"]
[EventType "team-swiss"]
[EventDate "2012.12.26"]

1. d4 d5 2. c4 e6 3. Nc3 Nf6 4. Bg5 Nbd7 5. cxd5 exd5 6. e3 c6 7. Bd3 Qc7 8.
Nf3 Bd6 9. O-O h6 10. Bh4 O-O 11. a3 a5 12. Rb1 Re8 13. Qc2 Ng4 14. Bg3 Bxg3
15. hxg3 Qd6 16. b4 axb4 17. axb4 Ndf6 18. Na4 Nh5 19. Nb6 Nxg3 20. fxg3 Qxg3
21. Nxa8 Rxe3 22. Rbe1 Be6 23. Qd2 Rxf3 24. Rxf3 Qh2+ 25. Kf1 Qh1+ 26. Ke2
Qxg2+ 27. Kd1 Qxf3+ 28. Kc2 Nf2 29. Rf1 Qxd3+ 30. Qxd3 Nxd3 31. Kxd3 g5 32. Nb6
h5 33. Na4 Kg7 34. Nc5 Bc8 35. Ke3 f6 36. Ra1 b6 37. Na4 b5 38. Nb6 Bf5 39. Rc1
g4 40. Rxc6 Be4 41. Kf4 f5 42. Kg3 Bf3 43. Rd6 h4+ 44. Kxh4 f4 45. Nxd5 1-0

[Event "DVM U16 2012"]
[Site "Naumburg (Saale) GER"]
[Date "2012.12.27"]
[Round "2"]
[White "Hoffmann, Dustin"]
[Black "Vogt, Marc Jonas"]
[Result "0-1"]
[Termination "normal"]
[Board "3.3"]
[WhiteElo "1706"]
[BlackElo "1856"]
[WhiteTeam "SV Merseburg"]
[BlackTeam "Stader SV"]
[WhiteFideId "1270566"]
[BlackFideId "24695661"]
[EventCountry "GER"]
[EventRounds "7"]
[EventType "team-swiss"]
[EventDate "2012.12.26"]

1. e4 c5 2. Nf3 Nc6 3. d4 cxd4 4. Nxd4 e5 5. Nb5 d6 6. N1c3 a6 7. Na3 b5 8. Nd5
Rb8 9. c4 b4 10. Nc2 Be7 11. Be2 Nf6 12. Nxf6+ Bxf6 13. Ne3 O-O 14. Nd5 Bg5 15.
O-O Nd4 16. Bg4 Bb7 17. f4 Bxd5 18. cxd5 Bf6 19. Be3 Nb5 20. f5 Bg5 21. Qd2
Bxe3+ 22. Qxe3 f6 23. Kh1 Nd4 24. Rac1 Qd7 25. Be2 a5 26. g4 Rfc8 27. Bc4 a4
28. Rg1 Rc7 29. g5 Qe7 30. h4 b3 31. axb3 Nxb3 32. Rc3 Nd4 33. Rg2 Rbc8 34. Qc1
Rc5 35. Bd3 Nb3 36. Qc2 Rb8 37. Rxc5 Nxc5 38. Bc4 fxg5 39. hxg5 Kh8 40. Qe2 Qe8
41. Qf3 Rb7 42. f6 Qf8 43. Qh5 gxf6 44. gxf6 Nxe4 45. Qf5 Nxf6 46. Rf2 Qh6+ 47.
Rh2 Qc1+ 48. Bf1 Ng8 49. Rc2 Qh6+ 50. Rh2 Qf4 0-1

[Event "DVM U16 2012"]
[Site "Naumburg (Saale) GER"]
[Date "2012.12.27"]
[Round "2"]
[White "Dittmann, Tobias"]
[Black "Jacob, Hannes"]
[Result "1-0"]
[Termination "normal"]
[Board "3.4"]
[WhiteElo "1583"]
[BlackElo "1659"]
[WhiteTeam "Stader SV"]
[BlackTeam "SV Merseburg"]
[WhiteFideId "12964360"]
[BlackFideId "12910350"]
[EventCountry "GER"]
[EventRounds "7"]
[EventType "team-swiss"]
[EventDate "2012.12.26"]

1. e4 e5 2. Nf3 Nc6 3. Bc4 Bc5 4. Nc3 Nf6 5. d3 d6 6. h3 Na5 7. Bb3 Nxb3 8.
axb3 c6 9. Na4 Bb4+ 10. c3 Ba5 11. b4 Bc7 12. b3 b5 13. Nb2 d5 14. Qc2 Bd6 15.
O-O Nh5 16. Qe2 Qc7 17. d4 dxe4 18. Nxe5 Bxe5 19. Qxe4 Nf6 20. Qxe5+ Qxe5 21.
dxe5 Nd5 22. Bd2 Bf5 23. Ra6 Kd7 24. Rfa1 Bc2 25. Rxa7+ Rxa7 26. Rxa7+ Ke6 27.
f4 Bxb3 28. Nd3 Bc4 29. Nc5+ Kf5 30. g4+ 1-0

[Event "DVM U16 2012"]
[Site "Naumburg (Saale) GER"]
[Date "2012.12.27"]
[Round "2"]
[White "Xu, Xianliang"]
[Black "Noe, Christopher"]
[Result "1/2-1/2"]
[Termination "normal"]
[Board "4.1"]
[WhiteElo "2055"]
[BlackElo "2197"]
[WhiteTeam "SG Porz"]
[BlackTeam "SC Eppingen"]
[WhiteFideId "4603230"]
[BlackFideId "24692018"]
[EventCountry "GER"]
[EventRounds "7"]
[EventType "team-swiss"]
[EventDate "2012.12.26"]

1. e4 c5 2. c3 b6 3. d4 Bb7 4. Bd3 Nf6 5. Nd2 cxd4 6. cxd4 e6 7. Ne2 d6 8. O-O
Be7 9. b3 O-O 10. Bb2 Ba6 11. Nf4 Bxd3 12. Nxd3 Nc6 13. Rc1 Rc8 14. Qe2 Qd7 15.
Rfd1 Qb7 16. a3 d5 17. e5 Nd7 18. b4 a6 19. Rf1 Na7 20. Nb3 Rxc1 21. Rxc1 Rc8
22. Qd2 Rc4 23. Qd1 Qc8 24. Nd2 Rxc1 25. Qxc1 Qxc1+ 26. Bxc1 Nc6 27. Nb3 b5 28.
Kf1 Nb6 29. Ke2 Nc4 30. f4 Bd8 31. Ndc5 a5 32. bxa5 Bxa5 33. Nxa5 N4xa5 34. Kd3
Nc4 35. Kc3 Nb6 36. Bd2 Nc4 37. Bc1 Nb6 38. Bd2 Na4+ 39. Nxa4 bxa4 40. Kd3 Kf8
41. Bc3 Ke7 42. Bd2 Kd7 43. Bc3 Kd8 44. Be1 Ke8 45. Bc3 Kf8 46. Be1 Kg8 47. Bd2
h6 48. g4 h5 49. h3 hxg4 50. hxg4 Kf8 51. Bc3 Na7 52. Bd2 Nb5 53. Bc1 Ke7 54.
Bb2 Na7 55. Bc3 Nc6 56. Be1 Kd7 57. Bd2 Kc7 58. Be3 Kb6 59. Bd2 Kb5 60. Be1 g5
61. fxg5 Ne7 62. Bf2 Kb6 63. Be1 Nc6 64. Bd2 Na7 65. Bc3 Nb5 66. Bb2 Kc7 67.
Ke3 Kd7 68. Kd3 Ke7 69. Ke2 Kf8 70. Ke3 Kg7 71. Kd3 Kh7 72. Ke3 Kg6 73. Kf4 Na7
74. Ba1 Nc8 75. Bc3 Nb6 76. Bb4 Nc4 77. Bc5 Nd2 78. Be7 Ne4 79. Bd8 Kg7 80. Be7
Kg8 81. Ke3 Kh7 82. Kf4 Kg7 83. Ke3 Kg6 84. Kf4 Nf2 85. Kg3 Nd3 86. Kf3 Nc1 87.
Kf4 Nb3 88. Ke3 Na5 89. Kf4 Nc6 90. Bc5 Na5 91. Be7 Nc4 92. Bc5 Nd2 93. Be7 Ne4
94. Bd8 Kg7 95. Be7 Kg8 96. Ke3 Kg7 1/2-1/2

[Event "DVM U16 2012"]
[Site "Naumburg (Saale) GER"]
[Date "2012.12.27"]
[Round "2"]
[White "Hahn, Cedric"]
[Black "Eigemann, Frederik"]
[Result "1/2-1/2"]
[Termination "normal"]
[Board "4.2"]
[WhiteElo "1665"]
[BlackElo "2011"]
[WhiteTeam "SC Eppingen"]
[BlackTeam "SG Porz"]
[WhiteFideId "12910538"]
[BlackFideId "24692034"]
[EventCountry "GER"]
[EventRounds "7"]
[EventType "team-swiss"]
[EventDate "2012.12.26"]

1. d4 e6 2. c4 Nf6 3. Nf3 c5 4. Nc3 cxd4 5. Nxd4 a6 6. b3 Bb4 7. Bd2 Nc6 8.
Nxc6 bxc6 9. g3 O-O 10. Bg2 d5 11. cxd5 cxd5 12. O-O Qe7 13. Na4 Bb7 14. Bxb4
Qxb4 15. a3 Qd6 16. b4 Bc6 17. Nc5 Nd7 18. Nxd7 Qxd7 19. Qd4 Bb5 20. Rfe1 Rac8
21. e3 Rc4 22. Qd2 Rfc8 23. Rec1 Qc7 24. Rxc4 Qxc4 25. Bf1 Qc6 26. Bxb5 axb5
27. Rd1 g6 28. Ra1 Rc7 29. Qb2 Qc3 30. Qxc3 Rxc3 31. a4 bxa4 32. Rxa4 Rb3 33.
Ra8+ Kg7 34. Rb8 Kf6 35. Kg2 h5 36. b5 Rb2 37. h4 Rb3 38. Kf1 Rb2 39. b6 Ke5
40. Kg2 Kf6 41. Kf3 Kf5 42. Rb7 1/2-1/2

[Event "DVM U16 2012"]
[Site "Naumburg (Saale) GER"]
[Date "2012.12.27"]
[Round "2"]
[White "Padva, Leo"]
[Black "Bay, Nicolai"]
[Result "1/2-1/2"]
[Termination "normal"]
[Board "4.3"]
[WhiteElo "1750"]
[BlackElo "1688"]
[WhiteTeam "SG Porz"]
[BlackTeam "SC Eppingen"]
[WhiteFideId "12964379"]
[BlackFideId "12927619"]
[EventCountry "GER"]
[EventRounds "7"]
[EventType "team-swiss"]
[EventDate "2012.12.26"]

1. Nf3 Nf6 2. c4 g6 3. d4 Bg7 4. Nc3 O-O 5. g3 d6 6. Bg2 Nbd7 7. O-O Re8 8. Re1
e5 9. dxe5 Nxe5 10. Nxe5 Rxe5 11. f4 Re8 12. e4 Bg4 13. Bf3 Bxf3 14. Qxf3 b6
15. Be3 Qc8 16. Rad1 Qe6 17. Nd5 Nxd5 18. exd5 Qe4 19. Qxe4 Rxe4 20. b3 Rae8
21. Kf2 Bc3 22. Re2 f5 23. Rd3 Bb4 24. Kf3 Bc5 25. h3 h5 26. h4 Kf7 27. Re1 Ke7
28. Re2 Kd7 29. Re1 Kc8 30. Re2 Kb7 31. Re1 Ka6 32. Re2 R8e7 33. Re1 Ka5 34. a3
Bxe3 35. Rdxe3 Rxe3+ 36. Rxe3 Rxe3+ 37. Kxe3 b5 38. Kd4 Kb6 39. b4 a6 40. c5+
Kb7 41. Kc3 Ka7 1/2-1/2

[Event "DVM U16 2012"]
[Site "Naumburg (Saale) GER"]
[Date "2012.12.27"]
[Round "2"]
[White "Schückler, Jan"]
[Black "Spindler, Florian"]
[Result "0-1"]
[Termination "normal"]
[Board "4.4"]
[WhiteElo "1470"]
[BlackElo "1616"]
[WhiteTeam "SC Eppingen"]
[BlackTeam "SG Porz"]
[WhiteFideId "12910554"]
[BlackFideId "12964387"]
[EventCountry "GER"]
[EventRounds "7"]
[EventType "team-swiss"]
[EventDate "2012.12.26"]

1. e4 c5 2. Nf3 e6 3. d3 Nc6 4. Be2 Qc7 5. Be3 Nf6 6. h3 d5 7. exd5 exd5 8. Qd2
Bd6 9. c3 Bf5 10. Nh4 Bg6 11. Na3 a6 12. Nc2 O-O 13. Nxg6 hxg6 14. Bf3 Rfe8 15.
O-O Ne7 16. Rfe1 Rad8 17. d4 c4 18. Bg5 Nh7 19. Bxe7 Bxe7 20. g3 Ng5 21. Bg2 f5
22. Nb4 Ne4 23. Qd1 a5 24. Nc2 Bd6 25. Na3 Qc6 26. Nc2 f4 27. Bxe4 dxe4 28.
gxf4 Bxf4 29. Qg4 Qf6 30. Ne3 Rf8 31. Nxc4 Rd5 32. Kh1 Rg5 33. Qe2 Qf5 34. Qf1
Bc7 35. Ne3 Qf4 36. Ng4 Rxg4 37. Qg1 Qf3+ 0-1

[Event "DVM U16 2012"]
[Site "Naumburg (Saale) GER"]
[Date "2012.12.27"]
[Round "2"]
[White "Glatzel, Jonas"]
[Black "Oshionwu, Nelo"]
[Result "1-0"]
[Termination "normal"]
[Board "5.1"]
[WhiteElo "1909"]
[BlackElo "1887"]
[WhiteTeam "Königsspringer Iserlohn 1934"]
[BlackTeam "KSV Rochade Göttingen"]
[WhiteFideId "12937800"]
[BlackFideId "12913405"]
[EventCountry "GER"]
[EventRounds "7"]
[EventType "team-swiss"]
[EventDate "2012.12.26"]

1. e4 e5 2. Nf3 Nc6 3. d4 exd4 4. Nxd4 Nf6 5. Nxc6 bxc6 6. e5 Qe7 7. Qe2 Nd5 8.
c4 Ba6 9. b3 g6 10. g3 Bg7 11. Bb2 O-O 12. Bg2 Rae8 13. O-O Bxe5 14. Qxe5 Qxe5
15. Bxe5 Rxe5 16. cxd5 Bxf1 17. Kxf1 cxd5 18. Nc3 c6 19. Na4 f5 20. Nc5 Re7 21.
Nd3 Rfe8 22. Bf3 g5 23. h3 Kg7 24. Rc1 Kf6 25. Rc5 Rb8 26. Ra5 d6 27. Ra4 Rb5
28. Be2 Reb7 29. Ke1 c5 30. Bf3 Ke6 31. Kd2 Rc7 32. Kc3 a5 33. Be2 Rcb7 34. Nc1
Rb4 35. Rxa5 Re4 36. Ra8 Re7 37. Rd8 g4 38. h4 d4+ 39. Kd2 Kd5 40. Rf8 Ke6 41.
Bd3 Re5 42. Bf1 Rf7 43. Bc4+ d5 44. Rxf7 dxc4 45. Rxh7 c3+ 46. Kd1 Kd5 47. Nd3
Re8 48. Rf7 c4 49. Rxf5+ Ke4 50. Re5+ Rxe5 51. Nxe5 Kxe5 52. h5 d3 53. h6 c2+
54. Kc1 cxb3 55. axb3 Ke4 56. h7 Kf3 57. h8=Q Kxf2 58. Qe5 Kf3 59. b4 1-0

[Event "DVM U16 2012"]
[Site "Naumburg (Saale) GER"]
[Date "2012.12.27"]
[Round "2"]
[White "Rosin, Julius"]
[Black "Dröttboom, Tobias"]
[Result "1-0"]
[Termination "normal"]
[Board "5.2"]
[WhiteElo "1840"]
[BlackElo "1682"]
[WhiteTeam "KSV Rochade Göttingen"]
[BlackTeam "Königsspringer Iserlohn 1934"]
[WhiteFideId "12909610"]
[BlackFideId "12946133"]
[EventCountry "GER"]
[EventRounds "7"]
[EventType "team-swiss"]
[EventDate "2012.12.26"]

1. d4 d5 2. Nf3 Nf6 3. Bg5 Bf5 4. e3 e6 5. Bd3 Bg6 6. O-O Be7 7. c3 O-O 8. Qc2
c5 9. Bxg6 hxg6 10. Nbd2 Nc6 11. Rad1 cxd4 12. exd4 Qb6 13. Ne5 Rfe8 14. f4
Rac8 15. Qb1 Bd6 16. Kh1 Ne7 17. Bxf6 Nf5 18. Ng4 gxf6 19. Nxf6+ Kf8 20. Nxe8
Kxe8 21. Rde1 Kd7 22. g3 Rh8 23. Kg2 Qd8 24. Nf3 Qf8 25. Qd3 Qh6 26. Rh1 Qh3+
27. Kf2 Qg4 28. Ne5+ Bxe5 29. dxe5 Rh3 30. Qf3 Qxf3+ 31. Kxf3 Kc6 32. Kg2 Rh8
33. h4 Kc5 34. g4 Nxh4+ 35. Kg3 g5 36. fxg5 Ng6 37. Rxh8 Nxh8 38. Rf1 Kc6 39.
Rf6 Kd7 40. g6 Nxg6 41. Rxf7+ Kc8 42. Rf6 Nxe5 43. Rxe6 Nd3 44. Re2 Nc1 45. Rd2
Nxa2 46. Rxd5 Nc1 47. g5 Ne2+ 48. Kg4 1-0

[Event "DVM U16 2012"]
[Site "Naumburg (Saale) GER"]
[Date "2012.12.27"]
[Round "2"]
[White "Hartogh, Christian"]
[Black "Nissen, Arne"]
[Result "1-0"]
[Termination "normal"]
[Board "5.4"]
[WhiteElo "1706"]
[BlackElo "1082"]
[WhiteTeam "KSV Rochade Göttingen"]
[BlackTeam "Königsspringer Iserlohn 1934"]
[WhiteFideId "12949256"]
[BlackFideId "12964417"]
[EventCountry "GER"]
[EventRounds "7"]
[EventType "team-swiss"]
[EventDate "2012.12.26"]

1. e4 c5 2. d4 cxd4 3. c3 dxc3 4. Nxc3 d6 5. Nf3 Nc6 6. Bc4 e6 7. Bf4 a6 8. O-O
b5 9. Bb3 Nf6 10. Qe2 e5 11. Be3 Bg4 12. Rfd1 Be7 13. Rac1 Rc8 14. Nd5 Nd4 15.
Bxd4 Rxc1 16. Rxc1 exd4 17. Nc7+ Kf8 18. Nxa6 Bxf3 19. Qxf3 Qa8 20. Nb4 g6 21.
Nd5 Nxd5 22. Bxd5 Qe8 23. Rc8 1-0

[Event "DVM U16 2012"]
[Site "Naumburg (Saale) GER"]
[Date "2012.12.27"]
[Round "2"]
[White "Koop, Thorben"]
[Black "Katz, Leo"]
[Result "1-0"]
[Termination "normal"]
[Board "6.1"]
[WhiteElo "2147"]
[BlackElo "1863"]
[WhiteTeam "SV Lingen"]
[BlackTeam "OSG Baden-Baden"]
[WhiteFideId "24661619"]
[BlackFideId "12918458"]
[EventCountry "GER"]
[EventRounds "7"]
[EventType "team-swiss"]
[EventDate "2012.12.26"]

1. Nf3 Nf6 2. g3 b6 3. Bg2 Bb7 4. O-O e6 5. c4 Be7 6. Nc3 O-O 7. Qc2 c5 8. Rd1
d6 9. d4 cxd4 10. Rxd4 a6 11. b3 Qc7 12. Ba3 Rd8 13. Rad1 Nc6 14. R4d2 Na5 15.
e4 Rac8 16. Nd4 Ne8 17. Qd3 b5 18. cxb5 Nxb3 19. Nxb3 Qxc3 20. Qxc3 Rxc3 21.
bxa6 Bxa6 22. e5 Rb8 23. exd6 Bd8 24. Bb2 Rc4 25. Be5 Nf6 26. d7 Rb5 27. Bxf6
gxf6 28. Bf1 Rc7 29. Rd6 Rxb3 30. axb3 Bxf1 31. Kxf1 Kf8 32. b4 Rb7 33. R6d4 f5
34. Ke2 Rb8 35. Rc4 Rb7 36. Rd3 Ke7 37. Kd2 Rxd7 38. Rxd7+ Kxd7 39. Kd3 Bb6 40.
f3 Bg1 41. Rh4 1-0

[Event "DVM U16 2012"]
[Site "Naumburg (Saale) GER"]
[Date "2012.12.27"]
[Round "2"]
[White "Becker, Dirk"]
[Black "Oehne, Timo"]
[Result "0-1"]
[Termination "normal"]
[Board "6.2"]
[WhiteElo "1813"]
[BlackElo "1934"]
[WhiteTeam "OSG Baden-Baden"]
[BlackTeam "SV Lingen"]
[WhiteFideId "12938564"]
[BlackFideId "24661635"]
[EventCountry "GER"]
[EventRounds "7"]
[EventType "team-swiss"]
[EventDate "2012.12.26"]

1. e4 c6 2. Ne2 d5 3. e5 d4 4. d3 c5 5. Ng3 Qd5 6. f4 g5 7. fxg5 Qxe5+ 8. Be2
h6 9. g6 fxg6 10. O-O Nf6 11. Bf4 Qe6 12. c3 Nc6 13. Na3 Qd7 14. Bf3 Bg7 15.
Nb5 O-O 16. Qb3+ Kh7 17. Bxc6 Qxc6 18. Nc7 Rb8 19. Rae1 c4 20. dxc4 dxc3 21.
Nd5 Ra8 22. bxc3 Be6 23. Nxf6+ exf6 24. Rf2 Bxc4 25. Qb4 Rfe8 26. Rd1 Rad8 27.
Rfd2 Rxd2 28. Rxd2 Qe6 29. h4 b5 30. Kh2 Qg4 31. Rf2 Qxh4+ 32. Kg1 a5 33. Qb1
Qg4 34. Nf1 Qe6 35. Ne3 f5 36. Nxc4 Qxc4 37. Qd1 Qxc3 38. Rc2 Qb4 39. Bd2 Qd4+
40. Kh1 Qh4+ 41. Kg1 Bd4+ 42. Be3 Bxe3+ 43. Kf1 Qh1+ 0-1

[Event "DVM U16 2012"]
[Site "Naumburg (Saale) GER"]
[Date "2012.12.27"]
[Round "2"]
[White "Bach, Jannik"]
[Black "Steimbach, Isabel"]
[Result "1/2-1/2"]
[Termination "normal"]
[Board "6.3"]
[WhiteElo "1877"]
[BlackElo "1761"]
[WhiteTeam "SV Lingen"]
[BlackTeam "OSG Baden-Baden"]
[WhiteFideId "24615900"]
[BlackFideId "24692174"]
[EventCountry "GER"]
[EventRounds "7"]
[EventType "team-swiss"]
[EventDate "2012.12.26"]

1. e4  e5 2. Nf3 d6 3. d4 exd4 4. Nxd4 Nf6 5. Nc3 Be7 6. Bc4 O-O 7. O-O Re8 8.
Re1 Nbd7 9. f3 a6 10. a4 Bf8 11. Be3 Ne5 12. Bf1 d5 13. exd5 Nxd5 14. Nxd5 Qxd5
15. Nb3 Qxd1 16. Raxd1 Bf5 17. Rc1 Bd6 18. Bf2 Rad8 19. Red1 Bd7 20. Ra1 Bf5
21. Rac1 Bd7 22. Na5 Bc8 23. Nc4 Nxc4 24. Bxc4 Be6 25. Bxe6 Rxe6 26. Re1 Rde8
27. Rxe6 Rxe6 28. Re1 Rxe1+ 29. Bxe1 Be5 30. b3 Kf8 31. Bb4+ Ke8 32. Kf2 Kd7
33. h3 Ke6 34. Ke3 Kf5 35. Be1 g6 36. Bh4 1/2-1/2

[Event "DVM U16 2012"]
[Site "Naumburg (Saale) GER"]
[Date "2012.12.27"]
[Round "2"]
[White "Hobusch, Jan"]
[Black "Pilat, Fabian"]
[Result "1-0"]
[Termination "normal"]
[Board "7.1"]
[WhiteElo "2060"]
[BlackElo "1939"]
[WhiteTeam "SG Solingen"]
[BlackTeam "SG Bochum 1931"]
[WhiteFideId "12907634"]
[BlackFideId "24683396"]
[EventCountry "GER"]
[EventRounds "7"]
[EventType "team-swiss"]
[EventDate "2012.12.26"]

1. e4 e6 2. Nc3 d5 3. Nf3 Nc6 4. Bb5 Nf6 5. Qe2 Be7 6. Ne5 Bd7 7. Nxd7 Qxd7 8.
e5 Ng8 9. Qg4 g6 10. Ne2 Bc5 11. d4 Bb6 12. c3 O-O-O 13. b4 Kb8 14. Qg5 h6 15.
Qd2 f6 16. exf6 Nxf6 17. a4 a6 18. Bd3 a5 19. Bb5 Rhf8 20. O-O g5 21. Ba3 Rg8
22. bxa5 Bxa5 23. Rac1 Ne4 24. Qb2 h5 25. Bb4 Bxb4 26. cxb4 h4 27. Bxc6 bxc6
28. b5 cxb5 29. axb5 Kb7 30. Rc6 Nd6 31. Nc3 Nc4 32. Qb4 Nb6 33. Na4 Nxa4 34.
Qxa4 Ra8 35. Qc2 g4 36. Rc1 Rac8 37. Qc5 g3 38. Ra1 Ra8 39. Rc1 gxf2+ 40. Kf1
Rgc8 41. b6 Ra6 42. Rxc7+ Rxc7 43. bxc7 Qc8 44. Rb1+ Ka8 45. Rb8+ 1-0

[Event "DVM U16 2012"]
[Site "Naumburg (Saale) GER"]
[Date "2012.12.27"]
[Round "2"]
[White "Fistoul, Boris"]
[Black "Zolfagharian, Kevin"]
[Result "0-1"]
[Termination "normal"]
[Board "7.2"]
[WhiteElo "1654"]
[BlackElo "1981"]
[WhiteTeam "SG Bochum 1931"]
[BlackTeam "SG Solingen"]
[WhiteFideId "12953962"]
[BlackFideId "12933570"]
[EventCountry "GER"]
[EventRounds "7"]
[EventType "team-swiss"]
[EventDate "2012.12.26"]

1. d4 d5 2. c4 c6 3. Nf3 Nf6 4. Nc3 e6 5. e3 Bb4 6. a3 Bxc3+ 7. bxc3 Ne4 8. Qc2
f5 9. Bd3 Nd7 10. Bb2 O-O 11. cxd5 exd5 12. O-O Rf6 13. Nd2 Rg6 14. f3 Qg5 15.
Nxe4 fxe4 16. fxe4 Nf6 17. e5 Qxe3+ 18. Kh1 Ne4 19. Bxe4 dxe4 20. Rad1 Bg4 21.
Bc1 Qe2 22. Qd2 Qxd2 23. Rxd2 e3 24. Rb2 e2 25. Rxe2 Bxe2 26. Rf2 Rf8 0-1

[Event "DVM U16 2012"]
[Site "Naumburg (Saale) GER"]
[Date "2012.12.27"]
[Round "2"]
[White "Reksten, Daniel"]
[Black "Fistoul, Ilja"]
[Result "1/2-1/2"]
[Termination "normal"]
[Board "7.3"]
[WhiteElo "1903"]
[BlackElo "1605"]
[WhiteTeam "SG Solingen"]
[BlackTeam "SG Bochum 1931"]
[WhiteFideId "24692590"]
[BlackFideId "12953580"]
[EventCountry "GER"]
[EventRounds "7"]
[EventType "team-swiss"]
[EventDate "2012.12.26"]

1. d4  e6 2. c4 f5 3. Nf3 Nf6 4. Nc3 Be7 5. e3 c6 6. Bd3 d5 7. Ne5 O-O 8. O-O
Ne4 9. Qc2 Nd7 10. f4 Rf6 11. a3 Rh6 12. b4 Bd6 13. Bxe4 fxe4 14. b5 Bxe5 15.
fxe5 Qh4 16. g3 Qh5 17. Qf2 Qe8 18. a4 Nb6 19. Ba3 Bd7 20. Qe2 Qh5 21. Qxh5
Rxh5 22. cxd5 cxd5 23. Ne2 Nc4 24. Nf4 Rf5 25. Rfe1 Rc8 26. Bb4 Nb2 27. Ra2 Nc4
28. Rc2 b6 29. Rc3 Re8 30. Rec1 Bc8 31. g4 Rf7 32. h4 a5 33. Bd6 Bb7 34. Kf2 g6
35. Kg3 Rg7 36. R1c2 h6 37. Rf2 Bc8 38. Ne2 Rf7 39. Nf4 Rg7 40. Ng2 Rf7 41.
Rcc2 Bb7 42. Rxf7 Kxf7 43. Rf2+ Kg7 1/2-1/2

[Event "DVM U16 2012"]
[Site "Naumburg (Saale) GER"]
[Date "2012.12.27"]
[Round "2"]
[White "Schwerdtfeger, Lukas"]
[Black "Nguyen, Gia Huy Philipp"]
[Result "0-1"]
[Termination "normal"]
[Board "7.4"]
[WhiteElo "1418"]
[BlackElo "1450"]
[WhiteTeam "SG Bochum 1931"]
[BlackTeam "SG Solingen"]
[BlackFideId "12933597"]
[EventCountry "GER"]
[EventRounds "7"]
[EventType "team-swiss"]
[EventDate "2012.12.26"]

1. e4 c5 2. Nf3 d6 3. d4 cxd4 4. Nxd4 Nf6 5. Nc3 a6 6. Bg5 Nbd7 7. Bc4 e6 8.
O-O b5 9. Bb3 Qc7 10. a3 Be7 11. f4 Nc5 12. Bxf6 Bxf6 13. Ba2 Bb7 14. Re1 O-O
15. Qd2 Rfc8 16. Rac1 Qb6 17. Kh1 Bxe4 18. Nxe6 Bxc3 19. bxc3 Bxg2+ 20. Qxg2
Nxe6 21. Rxe6 fxe6 22. Bxe6+ Kf8 23. Bxc8 Rxc8 24. Re1 Qc6 25. Re3 Kf7 26. Kg1
Qxg2+ 27. Kxg2 Rc4 28. Kf3 Ra4 29. Ke2 Rxa3 30. Kd2 Ra4 31. f5 Rc4 32. Re6 Rc6
33. Kd3 g6 34. Re4 gxf5 35. Rd4 Ke6 36. Rh4 Rc7 37. Rh3 a5 38. Kd2 Rf7 39. Kd3
Kd5 40. Rh4 f4 41. Ke2 a4 42. Rg4 Kc4 43. Kd2 a3 44. Rg1 f3 45. Kc1 Kxc3 46.
Kb1 f2 47. Rf1 Kd2 48. Ka2 Ke2 49. Ra1 f1=Q 50. Rxf1 Rxf1 51. Kxa3 Kd2 52. h4
Kc3 53. Ka2 h5 54. Ka3 Ra1# 0-1

[Event "DVM U16 2012"]
[Site "Naumburg (Saale) GER"]
[Date "2012.12.27"]
[Round "2"]
[White "Richter, Leonard"]
[Black "Grimm, Julius"]
[Result "1-0"]
[Termination "normal"]
[Board "8.1"]
[WhiteElo "1926"]
[BlackElo "1850"]
[WhiteTeam "BSG Grün-Weiß Leipzig"]
[BlackTeam "SV Schachforum Darmstadt 1994"]
[WhiteFideId "12900290"]
[BlackFideId "12916986"]
[EventCountry "GER"]
[EventRounds "7"]
[EventType "team-swiss"]
[EventDate "2012.12.26"]

1. e4 c6 2. d4 d5 3. exd5 cxd5 4. c4 Nf6 5. Nc3 Nc6 6. Bg5 dxc4 7. Bxc4 h6 8.
Bf4 e6 9. Nf3 Bd6 10. Be5 O-O 11. O-O a6 12. Qe2 b5 13. Bb3 Bb7 14. Rad1 Qe7
15. Bc2 Rfd8 16. Rfe1 Nb4 17. Bb1 Rac8 18. a3 Nbd5 19. Ne4 Nxe4 20. Qxe4 f5 21.
Qe2 Re8 22. Ba2 Bxe5 23. Qxe5 Rc2 24. Rd2 Rxd2 25. Nxd2 Qf6 26. Qxf6 gxf6 27.
Nb3 Nf4 28. Nc5 Bxg2 29. Rxe6 Nxe6 30. Kxg2 Kf8 31. Bxe6 Ke7 32. d5 a5 33. Nb7
Rb8 34. Nxa5 Kd6 35. Nc6 Rb7 36. Nd4 b4 37. Nxf5+ 1-0

[Event "DVM U16 2012"]
[Site "Naumburg (Saale) GER"]
[Date "2012.12.27"]
[Round "2"]
[White "Tibke, Jonas"]
[Black "Schmücker, Felix"]
[Result "1/2-1/2"]
[Termination "normal"]
[Board "8.2"]
[WhiteElo "1945"]
[BlackElo "2073"]
[WhiteTeam "SV Schachforum Darmstadt 1994"]
[BlackTeam "BSG Grün-Weiß Leipzig"]
[WhiteFideId "12928356"]
[BlackFideId "12900273"]
[EventCountry "GER"]
[EventRounds "7"]
[EventType "team-swiss"]
[EventDate "2012.12.26"]

1. e4 c5 2. Nc3 Nc6 3. Bb5 Nd4 4. Bc4 g6 5. Nf3 Bg7 6. Nxd4 cxd4 7. Qf3 Nh6 8.
d3 O-O 9. Ne2 Ng4 10. Bxf7+ Rxf7 11. Qxg4 Qc7 12. Qg5 Qxc2 13. Qd2 Qc6 14. O-O
e5 15. Qb4 a5 16. Qb3 a4 17. Qd1 Qb5 18. f4 d6 19. fxe5 Rxf1+ 20. Qxf1 dxe5 21.
Ng3 Be6 22. Bg5 Qxb2 23. Rb1 Qxa2 24. Rxb7 Rf8 25. Rxg7+ Kxg7 26. Bh6+ Kxh6 27.
Qxf8+ Kg5 28. Qe7+ Kh6 29. Qf8+ 1/2-1/2

[Event "DVM U16 2012"]
[Site "Naumburg (Saale) GER"]
[Date "2012.12.27"]
[Round "2"]
[White "Caprita, Victor"]
[Black "Nothnagel, Marian Can"]
[Result "0-1"]
[Termination "normal"]
[Board "8.3"]
[WhiteElo "1482"]
[BlackElo "1754"]
[WhiteTeam "BSG Grün-Weiß Leipzig"]
[BlackTeam "SV Schachforum Darmstadt 1994"]
[WhiteFideId "12946125"]
[BlackFideId "12921530"]
[EventCountry "GER"]
[EventRounds "7"]
[EventType "team-swiss"]
[EventDate "2012.12.26"]

1. d4 Nf6 2. c4 g6 3. Nc3 Bg7 4. e4 d6 5. f3 O-O 6. Be3 c5 7. dxc5 dxc5 8. Bxc5
Nc6 9. Nge2 Qa5 10. Be3 Rd8 11. Qc2 Nb4 12. Qb1 Nd3+ 13. Kd2 Nf2+ 14. Kc2 Nxh1
15. b4 Qc7 16. Nf4 Nf2 17. Bxf2 Qxf4 18. Qe1 Bh6 19. Rd1 Be6 20. Bg3 Qe3 21.
Be2 Qb6 22. a3 Rxd1 23. Nxd1 Qa6 24. Kb3 b5 25. Nb2 Rc8 26. Qf1 Nd7 27. a4
bxa4+ 28. Nxa4 Bg7 29. Bf4 Nb6 30. Nc5 Rxc5 31. Kc2 Qa2+ 32. Kd1 Qb1+ 0-1